Central Library OPAC University of Rajshahi

The double elephant folio : (Record no. 66689)

MARC details
000 -LEADER
fixed length control field 00823nam a2200241 a 4500
001 - CONTROL NUMBER
control field 66689
003 - CONTROL NUMBER IDENTIFIER
rucl marc code BD-RjUL
005 - DATE AND TIME OF LATEST TRANSACTION
control field 20211209081552.0
008 - FIXED-LENGTH DATA ELEMENTS--GENERAL INFORMATION
fixed length control field 170319s1974 ilua b 001 0beng
020 ## - INTERNATIONAL STANDARD BOOK NUMBER
International Standard Book Number 0838901034
035 ## - SYSTEM CONTROL NUMBER
System control number (BD-RjUL) 66820
040 ## - CATALOGING SOURCE
Original cataloging agency DLC
Transcribing agency DLC
Modifying agency BD-RjUL
Language of cataloging eng
041 ## - LANGUAGE CODE
Language code of text/sound track or separate title eng
082 00 - DEWEY DECIMAL CLASSIFICATION NUMBER
Classification number 598.973
Edition number 23
Author mark and year FRD 1973
100 1# - MAIN ENTRY--PERSONAL NAME
Personal name Fries, Waldemar H.,
Dates associated with a name 1889-
9 (RLIN) 197422
245 14 - TITLE STATEMENT
Title The double elephant folio :
Remainder of title the story of Audubon's Birds of America /
Statement of responsibility, etc. [by] Waldemar H. Fries.
260 ## - PUBLICATION, DISTRIBUTION, ETC. (IMPRINT)
Place of publication, distribution, etc. Chicago :
Name of publisher, distributor, etc. American Library Association,
Date of publication, distribution, etc. c1973
300 ## - PHYSICAL DESCRIPTION
Pagination xxii, 501 p. :
Illustrations ill. ;
Size 27 cm.
504 ## - BIBLIOGRAPHY, ETC. NOTE
Bibliography, etc Includes bibliographical references and index
600 10 - SUBJECT ADDED ENTRY--PERSONAL NAME
Personal name Audubon, John James,
Dates associated with a name 1785-1851.
Title of a work Birds of America.
Personal name Audubon, John James,
Dates associated with a name 1785-1851.
942 ## - ADDED ENTRY ELEMENTS (KOHA)
Source of classification or shelving scheme Dewey Decimal Classification
Koha item type Books
Holdings
Lost status Source of classification or shelving scheme Damaged status Not for loan Collection code Permanent Location Current Location Shelving location Date acquired Source of acquisition Total Checkouts Full call number Date last seen Copy number Koha item type
  Dewey Decimal Classification   Not For Loan Non-fiction Central Library, University of Rajshahi Central Library, University of Rajshahi Reading Room 28/10/1992 Asia Foundation   598.973 FRD 1973 19/03/2017 C-1 Books